Breaking Bad and Better Call Saul Trivia 3 - Statistics

General Stats
  • This quiz has been taken 490 times
    476 since last reset
  • The average score is 13 of 20
Answer Stats
Hint Answer % Correct
What is Walt's main job at the beginning of Breaking Bad? high school chemistry teacher
99%
Whose father was he? Jane's
90%
What specific item was seen floating in Walt and Skyler's pool at the beginning of each episode leading up to the plane crash? a pink teddy bear
89%
Who killed that head engineer at the end of Better Call Saul season 4? Mike Ehrmantraut
84%
What was Jimmy selling out of the back of his car while he was prohibited from practicing law? burner phones
80%
At the end of El Camino, where does Jesse go to start a new life? Alaska
76%
Who is the German engineer overseeing the construction of the underground meth lab? Werner Ziegler
76%
What are on the tips of the Salamanca cousins' boots? skulls
75%
What is Todd's nazi uncle's name? Jack Welker
73%
What pet did Todd take off of the boy, Drew, that he gunned down during the train heist? a tarantula
66%
What camping item was kicked over by Chuck, causing his death? a lantern
62%
What is Jesse's alias at the start of Breaking Bad? Cap'n Cook
60%
What impulse control disorder does Marie suffer from? kleptomania
56%
What is Mike's granddaughter's name? Kaylee
55%
Who was the air traffic controller who was responsible for the crash? Donald Margolis
52%
What branch of science does Hank become obsessed with while in recovery after getting gunned down by the cousins? geology
50%
What did the skater twins Carl and Lars call Tuco's sweet little abuelita? biznatch
48%
What does Hank call his home brewed beer? Schraderbrau
48%
What famous landmark did his father help construct? Sydney Opera House
32%
What was the name of the flight that crashed over Albuquerque in season 2 of Breaking Bad? Wayfarer 515
15%
No matching quizzes found
Score Distribution
Percent of People with Each Score
Percentile by Number Answered
Your Score History
You have not taken this quiz since the last reset